Statistiques concernant Pays commençant par la lettre M

Cliquez ici pour prendre le quiz!

Statistiques générales

  • Ce quiz a été pris 43 779 fois
    (41 652 depuis la dernière actualisation)
  • Le résultat moyen est 12 sur 16

Statistiques - réponses

Pays% Correct
Mexique
89%
Mauritanie
88%
Maroc
81%
Mali
80%
Madagascar
79%
Moldavie
76%
Macédoine
74%
Mongolie
73%
Mozambique
73%
Malaisie
71%
Monaco
69%
Malawi
67%
Monténégro
67%
Maldives
66%
Malte
66%
Micronésie
47%

Distribution des résultats

Percentile par nombre de réponses

% des personnes avec chaque résultat

Votre développement - résultats

Vous n’avez pas pris ce quiz depuis la dernière actualisation